Les plus grands stades de football du monde - Statistiques

Statistiques générales
  • Ce quiz a été pris 94 fois
  • Le résultat moyen est 6 sur 20
Statistiques - réponses
# Pays Stade Capacité % Correct
2. Camp Nou 99,354
89%
14. Stade de France 80,698
88%
10. Estadio Santiago Bernabéu 85,000
78%
6. Wembley Stadium 90,000
68%
18. San Siro Stadio / Stadio Giuseppe Meazza 80,018
61%
20. Estádio do Maracanã 78,838
59%
13. Westfalenstadion 81,365
23%
3. Estadio Azteca 95,500
21%
11. Estadio Mâs Monumental 84,567
18%
17. Estadio Monumental 80,093
17%
7. Lusail Stadium 88,966
16%
4. FNB Stadium 94,736
7%
9. Borg El Arab Stadium 86,000
5%
1. Rungrado 1st of May Stadium 114,000
5%
19. Stade des Martyrs de la Pentecôte 80,000
5%
8. Bukit Jalil National Stadium 87,411
4%
15. Luzhniki Stadium 78,011
2%
5. New Administrative Capital Stadium 93,940
2%
12. Stadion Internasional Jakarta 82,000
2%
16. Stadium Shah Alam 80,372
1%
Aucun quiz correspondant
Distribution des résultats
% des personnes avec chaque résultat
Percentile par nombre de réponses
Votre historique - résultats
Vous n’avez pas pris ce quiz